000 00824nam a2200265Ia 4500
003 OSt
005 20220926000326.0
006 a|||||r|||| 00| 0
007 ta
008 220923b |||||||| |||| 00| 0 eng d
020 _a9789350518953
_c204
037 _b5332, 17/10/2014, RAJKIRAN BOOK AGENCY
_cGeneral Book
040 _aRTL
_cRTL
_beng
041 _2eng
_aeng
082 _aX:328, P3
100 _aGORDON E.
_9241332
245 0 _aEntrepreneurship development
260 _a New Delhi
_bHimalaya Publishing House
_c2003
300 _a320p
_ccm.
500 _aGlossary: p 701-20; Appendix: p 415-25
650 _aCommerce
700 _a NATARAJAN K.
_9241333
942 _hX:328, P3
_cGB
_2CC
999 _c598804
_d598804